Fundamentos de los ultrasonidos / (Record no. 6755)

000 -CABECERA
fixed length control field 01020nam a22002537a 4500
003 - IDENTIFICADOR DEL NÚMERO DE CONTROL
control field AR-CdUCM
008 - DATOS DE LONGITUD FIJA--INFORMACIÓN GENERAL
fixed length control field 190319b ||||| |||| 00| 0 spa d
040 ## - FUENTE DE LA CATALOGACIÓN
Agencia/entidad que catalogó originalmente la obra MUNICIPALIDAD PROVINCIAL DEL CUSCO
Entidad que transcribió la catalogación BIBLIOTECA MUNICIPAL DEL CUSCO
082 ## - NÚMERO DE LA CLASIFICACIÓN DECIMAL DEWEY
No. de Clasificación 534 /
Notacion interna B64
100 ## - ENTRADA PRINCIPAL--NOMBRE DE PERSONA
Nombre Personal Blitz, Jack
245 ## - MENCIÓN DE TÍTULO
Título Fundamentos de los ultrasonidos /
260 ## - PUBLICACIÓN, DISTRIBUCIÓN, ETC.
Lugar de publicación, distribución, etc. Madrid :
Nombre de la editorial, distribuidor, etc. Alhambra,
Fecha de publicación, distribución, etc. 1969.
300 ## - DESCRIPCIÓN FÍSICA
Nº de Páginas Extensión 292 paginas ;
Otros detalles físicos Diagramas, cuadros, formulas,
Dimensiones 20 cm.
440 ## - MENCIÓN DE SERIE/PUNTO DE ACCESO ADICIONAL--TÍTULO
Título Colección Exedra ciencia técnica - ingeniería
Número de la parte/sección de una obra 57
9 (RLIN) 19013
505 ## - NOTA DE CONTENIDO CON FORMATO
Nota de contenido formateada Principios generales de la propagación de ondas de baja amplitud -- Generadores y receptores de ultrasonidos -- Propagación de baja amplitud en gases -- Propagación de baja amplitud en líquidos...
650 ## - PUNTO DE ACCESO ADICIONAL DE MATERIA--TÉRMINO DE MATERIA
Descriptor Física
9 (RLIN) 2382
650 ## - PUNTO DE ACCESO ADICIONAL DE MATERIA--TÉRMINO DE MATERIA
Descriptor Ondas
9 (RLIN) 19014
650 ## - PUNTO DE ACCESO ADICIONAL DE MATERIA--TÉRMINO DE MATERIA
Descriptor Ultrasonidos
9 (RLIN) 19015
700 ## - PUNTO DE ACCESO ADICIONAL--NOMBRE DE PERSONA
Nombre Personal Legaz Martínez, Carlos Garcia (Traductor)
9 (RLIN) 19016
942 ## - ELEMENTOS DE PUNTO DE ACCESO ADICIONAL (KOHA)
Fuente de clasificación
Tipo de item Libros-BMC
945 ## - PROCESAMIENTO DE INFORMACIÓN LOCAL (OCLC)
Catalogador wnts
Holdings
Estado de retiro (separado) Fuente de clasificación o esquema de estanterías Estado dañado Ubicación Sala donde se ubica Nombre de la colección Fecha de adquisición o compra Costo, precio normal en soles Signatura topográfica Código de Barras Última vez visto (Koha) Tipo de ítem (Koha)
No     Sala Ciencias Sala Ciencias Book Cart 2019-03-19 25.00 534 / B64 SC0000000165 2019-03-19 Libros-BMC

Powered by Koha